A Short textbook of preventive medicine for the tropics / (Record no. 8701)

MARC details
000 -LEADER
fixed length control field 00773cam a22002292 4500
001 - CONTROL NUMBER
control field 0000018896
005 - DATE AND TIME OF LATEST TRANSACTION
control field 20151217152139.0
008 - FIXED-LENGTH DATA ELEMENTS--GENERAL INFORMATION
fixed length control field 100812s xx 000 0 eng d
020 ## - INTERNATIONAL STANDARD BOOK NUMBER
International Standard Book Number 0340338180 :
040 ## - CATALOGING SOURCE
Original cataloging agency KABU
Transcribing agency KABU
100 1# - MAIN ENTRY--PERSONAL NAME
Personal name Lucas, Adetokunbo O.
-- 0000178359
245 12 - TITLE STATEMENT
Title A Short textbook of preventive medicine for the tropics /
Statement of responsibility, etc. Adetokunbo O. Lucas, Herbert M. Gilles.
250 ## - EDITION STATEMENT
Edition statement 2nd ed.
260 ## - PUBLICATION, DISTRIBUTION, ETC. (IMPRINT)
Place of publication, distribution, etc. London :
Name of publisher, distributor, etc. Hodder & Stughton,
Date of publication, distribution, etc. 1984.
300 ## - PHYSICAL DESCRIPTION
Extent vii, 351 p.
650 #0 - SUBJECT ADDED ENTRY--TOPICAL TERM
Topical term or geographic name as entry element Medicine, Preventive
Geographic subdivision Tropics.
-- 0000178360
700 1# - ADDED ENTRY--PERSONAL NAME
Personal name Gilles, Herbert M.
-- 0000178361
852 1# - LOCATION
-- p760 KES
852 1# - LOCATION
-- p760 KES
908 ## - PUT COMMAND PARAMETER (RLIN)
Put command parameter 100812
950 ## - LOCAL HOLDINGS (RLIN)
-- 1
Holdings
Withdrawn status Lost status Source of classification or shelving scheme Not for loan Home library Current library Date acquired Total Checkouts Full call number Barcode Date last seen Price effective from Koha item type Date last checked out Shelving location Cost, normal purchase price Copy number
    Library of Congress Classification   Kabarak, Main Campus Kabarak, Main Campus 17/12/2015   RC961.5 .L83 1984 c. 2 24323 17/12/2015 17/12/2015 General Collection        
    Library of Congress Classification   Kabarak, Main Campus Kabarak, Main Campus 17/12/2015 2 RC961.5 .L83 1984 c. 3 24327 09/04/2018 17/12/2015 General Collection 24/01/2018      
    Library of Congress Classification   Kabarak, Main Campus Kabarak, Main Campus 17/12/2015   RC961.5 .L83 1984 c. 1 24322 17/12/2015 17/12/2015 Africana Collection        
    Library of Congress Classification   Kabarak, Main Campus Kabarak, Main Campus 11/02/2016   RC 961.5 .L83 1984 c. 1 21358 11/02/2016 11/02/2016 General Collection   General Stacks 800.00 c. 1
Designed with assistance from East African Informatics Ltd